Vybrané problémy implementácie priemyselnej politiky na Slovensku
Priemyselná politika a historický vývoj prístupov k priemyselnej politike na Slovensku. Pretrvávajúce problémy pri jej realizácii a navrhovnie princípov k zlepšeniu v budúcnosti. Analýza jednotlivých programových dokumentov vlád a konkrétnych opatrení priemyselnej politiky a príčiny zlyhávania pri r...
Salvato in:
| Autore principale: | |
|---|---|
| Natura: | Capitolo di libro |
| Lingua: | slovacco |
| Soggetti: | |
| Tags: |
Nessun Tag, puoi essere il primo ad aggiungerne!!
|
MARC
| LEADER | 00000nla a2200000 4500 | ||
|---|---|---|---|
| 001 | 0226371 | ||
| 005 | 20240531130909.5 | ||
| 041 | 0 | |a slo | |
| 044 | |a SK | ||
| 245 | 1 | 0 | |a Vybrané problémy implementácie priemyselnej politiky na Slovensku |c Martin Lábaj |
| 520 | |a Priemyselná politika a historický vývoj prístupov k priemyselnej politike na Slovensku. Pretrvávajúce problémy pri jej realizácii a navrhovnie princípov k zlepšeniu v budúcnosti. Analýza jednotlivých programových dokumentov vlád a konkrétnych opatrení priemyselnej politiky a príčiny zlyhávania pri realizácii priemyselnej politiky na Slovensku. | ||
| 610 | 2 | 0 | |a politika priemyselná |
| 610 | 2 | 0 | |a politika hospodárska |
| 610 | 2 | 0 | |a rozvoj hospodársky |
| 610 | 2 | 0 | |a vzťah politiky a ekonomiky |
| 610 | 2 | 0 | |a riadenie strategické |
| 610 | 2 | 0 | |a koordinácia |
| 100 | 1 | |a Lábaj, Martin, 1982- | |